| Поле | Название | Значение |
| |
Тип записи |
a |
| |
Библиографический уровень |
m |
| 001 |
Контрольный номер |
RU\infra-m\znanium\bibl\2227050 |
| 005 |
Дата корректировки |
20260429142112.8 |
| 008 |
Кодируемые данные |
260123s2025 RU g rus u |
| 020 |
Индекс ISBN |
__ |
| a |
ISBN |
978-5-16-020923-4 |
| 020 |
Индекс ISBN |
__ |
| a |
ISBN |
978-5-16-113626-3 (электр. издание) |
| 040 |
Источник каталогиз. |
__ |
| a |
Служба первич. каталог. |
Общество с ограниченной ответственностью «ЗНАНИУМ» |
| 041 |
Код языка издания |
__ |
| a |
Код языка текста |
rus |
| 044 |
Код страны публикации |
__ |
| a |
Код страны публикации |
RU |
| 080 |
Индекс УДК |
__ |
| a |
Индекс УДК |
316.6(075.4) |
| 084 |
Индекс другой классификации/Индекс ББК |
__ |
| 2 |
Источник индекса |
rubbk |
| a |
Индекс другой классификации/Индекс ББК |
88.5 |
| 084 |
Индекс другой классификации/Индекс ББК |
__ |
| 2 |
Источник индекса |
okso |
| a |
Индекс другой классификации/Индекс ББК |
37.04.01 |
| 084 |
Индекс другой классификации/Индекс ББК |
__ |
| 2 |
Источник индекса |
okso |
| a |
Индекс другой классификации/Индекс ББК |
37.04.02 |
| 084 |
Индекс другой классификации/Индекс ББК |
__ |
| 2 |
Источник индекса |
okso |
| a |
Индекс другой классификации/Индекс ББК |
37.05.01 |
| 084 |
Индекс другой классификации/Индекс ББК |
__ |
| 2 |
Источник индекса |
okso |
| a |
Индекс другой классификации/Индекс ББК |
37.06.01 |
| 084 |
Индекс другой классификации/Индекс ББК |
__ |
| 2 |
Источник индекса |
okso |
| a |
Индекс другой классификации/Индекс ББК |
40.04.01 |
| 084 |
Индекс другой классификации/Индекс ББК |
__ |
| 2 |
Источник индекса |
okso |
| a |
Индекс другой классификации/Индекс ББК |
40.05.03 |
| 084 |
Индекс другой классификации/Индекс ББК |
__ |
| 2 |
Источник индекса |
okso |
| a |
Индекс другой классификации/Индекс ББК |
40.06.01 |
| 100 |
Автор |
__ |
| a |
Автор |
Пищик В.И. |
| q |
Полное имя |
Пищик Влада Игоревна |
| u |
Дополнение |
Донской государственный технический университет |
| 245 |
Заглавие |
__ |
| a |
Заглавие |
Психологические исследования конспиративистской ментальности: В заговоре против себя и мира |
| b |
Продолж. заглавия |
Монография |
| c |
Ответственность |
Донской государственный технический университет; Донской государственный технический университет |
| 250 |
Сведения об издании |
__ |
| a |
Основные сведения об издании |
1 |
| 260 |
Выходные данные |
__ |
| a |
Место издания |
Москва |
| b |
Издательство |
ООО "Научно-издательский центр ИНФРА-М" |
| c |
Дата издания |
2026 |
| 300 |
Физическое описание |
__ |
| a |
Объем |
136 с. |
| 440 |
Серия |
__ |
| a |
Серия |
Научная мысль |
| 520 |
Аннотация |
__ |
| a |
Аннотация |
Теории заговоров сопровождают любые общественные системы с древности. Теория заговоров предполагает что есть человек или группа людей которые намеренно совершают противоправные вредоносные скрытые действия против человечества. Однако большинство теорий заговоров не находят своего подтверждения. Нам кажется что современный человек владеющий большим количеством рациональных знаний о мире не может быть легко подвержен этой иррациональной вере. Но в мире растет количество людей интересующихся теориями заговоров и имеющих устойчивые убеждения в их пользу. Вера в заговоры становится частью обыденной жизни человека XXI века. Заговоры обнаруживаются во многих сферах: политической социальной информационной фармацевтической продуктовой и многих других. Молодые люди по всему миру ищут ответы на таинственные вопросы связанные с предполагаемой тайной деятельностью отдельных лиц или сообществ. Скрытые аспекты теории заговоров эмоционально захватывают человека и могут повлиять на его продуктивность жизни. Начало изучения было положено в ранней философской мысли реализуемой в конспирологии. Психологические аспекты данной проблемы в недостаточной степени разработаны в нашей стране а если и были обращения к данной теме то больше в философско-культурологическом плане. Монография является результатом обобщения имеющихся исследований по данному вопросу в мире и представлением психологических исследований авторского коллектива при финансовой поддержке гранта Российского научного фонда проблемы выявления предикторов приверженности вере в теории заговоров поколений. Проанализировано большое количество работ теоретических и эмпирических посвященных конспирологии. Описан предполагаемый механизм образования веры в заговоры и ее распространения у молодых людей. Предпринята попытка построения модели конспиративистской ментальности молодых россиян двух регионов. Поднят вопрос возможности построения программы по работе с молодежью направленной на снижение захваченности конспиративистскими идеями. Может быть интересна специалистам гуманитарного профиля и всем кто интересуется проблемами приверженности людей теориям заговоров. |
| 521 |
Примеч. о цел. назн. |
__ |
| a |
Примеч. о целев. назн. |
Дополнительное профессиональное образование |
| 650 |
Тематические рубрики |
__ |
| a |
Основная рубрика |
Психология |
| 655 |
Указ. предметных рубрик (устаревшее) |
__ |
| a |
Жанр/ форма (устаревшее) |
Монография |
| 700 |
Другие авторы |
__ |
| a |
Другие авторы |
Постникова М.И. |
| q |
Полное имя |
Постникова Маргарита Игоревна |
| u |
Дополнение |
Северный (Арктический) федеральный университет им. М.В. Ломоносова |
| 856 |
Электронный адрес документа |
4_ |
| a |
Имя сервера/домена |
znanium.ru |
| m |
Помощь |
ebs_support@infra-m.ru |
| n |
Местонахождение сервера |
НИЦ ИНФРА-М |
| u |
URL |
https://znanium.ru/catalog/document?id=470483 |
| 856 |
Электронный адрес документа |
48 |
| a |
Имя сервера/домена |
znanium.ru |
| d |
Путь |
/cover/2227 |
| f |
Электронное имя |
2227050.jpg |
| q |
Тип электронного формата |
image/jpeg |
| u |
URL |
https://znanium.ru/cover/2227/2227050.jpg |
| 911 |
|
__ |
| u |
|
0030=https://znanium.ru/catalog/document?id=470483 |
| 911 |
|
__ |
| u |
|
712a=Донской государственный технический университет |